Planes, Trains and Automobiles Quiz Stats

Quiz Updated Jun 29, 2012

Challenge
Share
Tweet
Embed
Score 0/30 Timer 03:00
0 Plays Today
Name Type % Correct
Batmobile???
91.7%
Polar Express???
90.5%
Orient Express???
89.8%
Hogwarts Express???
89.3%
Popemobile???
88.6%
Trans-Siberian???
87.4%
Wright Flyer???
87.1%
Flying Fortress???
86.8%
Skylark???
86%
Enola Gay???
80.1%
Mystery Machine???
78.1%
Spirit of St. Louis???
77.5%
Lunatic Express???
76.3%
X-1???
76%
Spruce Goose???
74.8%
Name Type % Correct
Rambler???
74.2%
TranzAlpine???
72.4%
Gremlin???
71.3%
General Lee???
69%
Piper Cub???
64%
Super Chief???
63.5%
City of New Orleans???
60.1%
Memphis Belle???
58.3%
Tin Lizzie???
52.6%
Ecto-1???
49.7%
Glamorous Glennis???
46.7%
California Zephyr???
42%
Mach Five???
38.4%
Flying Scotsman???
36.1%
Jacobite???
32.5%

You're not logged in!

Compare scores with friends on all Sporcle quizzes.
Join for Free
OR
Log In

You Might Also Like...

Show Comments

Extras

Top Quizzes Today


Score Distribution

Your Account Isn't Verified!

In order to create a playlist on Sporcle, you need to verify the email address you used during registration. Go to your Sporcle Settings to finish the process.

Report this User

Report this user for behavior that violates our Community Guidelines.

Details: